Procesamiento térmico de frutas y hortalizas / (Record no. 177012)
[ view plain ]
| 000 -CABECERA | |
|---|---|
| campo de control de longitud fija | 01084nam a2200337Ia 4500 |
| 001 - NÚMERO DE CONTROL | |
| campo de control | dia_5868 |
| 003 - IDENTIFICADOR DEL NÚMERO DE CONTROL | |
| campo de control | CHAP |
| 005 - FECHA Y HORA DE LA ÚLTIMA TRANSACCIÓN | |
| campo de control | 20251023152557.0 |
| 008 - DATOS DE LONGITUD FIJA--INFORMACIÓN GENERAL | |
| campo de control de longitud fija | 220117s2012 xx 000 0 und d |
| 010 ## - NÚMERO DE CONTROL DE LA BIBLIOTECA DEL CONGRESO | |
| Número de control de LC | 177012 |
| 020 ## - NÚMERO INTERNACIONAL ESTÁNDAR DEL LIBRO | |
| Número Internacional Estándar del Libro | 978-607-17-1079-6 |
| 040 ## - FUENTE DE LA CATALOGACIÓN | |
| Centro/agencia transcriptor | CHAP |
| 082 ## - NÚMERO DE LA CLASIFICACIÓN DECIMAL DEWEY | |
| Número de clasificación | 664.81 B67 2012 |
| 100 ## - ENTRADA PRINCIPAL--NOMBRE DE PERSONA | |
| Nombre de persona | Bosquez Molina, Elsa |
| 9 (RLIN) | 13796 |
| 245 ## - MENCIÓN DE TÍTULO | |
| Título | Procesamiento térmico de frutas y hortalizas / |
| Mención de responsabilidad, etc. | Elsa Bosquez Molina y María Luisa Colina Irezabal |
| 250 ## - MENCIÓN DE EDICIÓN | |
| Mención de edición | 2a ed. |
| 260 ## - PUBLICACIÓN, DISTRIBUCIÓN, ETC. | |
| Lugar de publicación, distribución, etc. | México : |
| Nombre del editor, distribuidor, etc. | Universidad Autónoma Metropolitana, Iztapalapa :, |
| -- | Trillas, |
| Fecha de publicación, distribución, etc. | 2012 |
| 300 ## - DESCRIPCIÓN FÍSICA | |
| Extensión | 239 p. |
| 503 ## - NOTA DE HISTORIA BIBLIOGRÁFICA (BK CF MU) [OBSOLETO] | |
| Nota de historia bibliográfica | C. |
| 504 ## - NOTA DE BIBLIOGRAFÍA, ETC. | |
| Nota de bibliografía, etc. | Bibliografía: p. 230-233 |
| 590 ## - NOTA LOCAL (RLIN) | |
| Nota local | TP370 B67 2012 |
| 650 ## - PUNTO DE ACCESO ADICIONAL DE MATERIA--TÉRMINO DE MATERIA | |
| Término de materia o nombre geográfico como elemento de entrada | Fruits |
| Subdivisión general | Preservation |
| 650 ## - PUNTO DE ACCESO ADICIONAL DE MATERIA--TÉRMINO DE MATERIA | |
| Término de materia o nombre geográfico como elemento de entrada | Fruta |
| Subdivisión general | Conservación |
| 9 (RLIN) | 43602 |
| 650 ## - PUNTO DE ACCESO ADICIONAL DE MATERIA--TÉRMINO DE MATERIA | |
| Término de materia o nombre geográfico como elemento de entrada | Vegetables |
| Subdivisión general | Preservation |
| 9 (RLIN) | 151818 |
| 650 ## - PUNTO DE ACCESO ADICIONAL DE MATERIA--TÉRMINO DE MATERIA | |
| Término de materia o nombre geográfico como elemento de entrada | Verduras |
| Subdivisión general | Conservación |
| 9 (RLIN) | 159939 |
| 700 ## - PUNTO DE ACCESO ADICIONAL--NOMBRE DE PERSONA | |
| Nombre de persona | Colina Irezabal, María Luisa, coaut. |
| 9 (RLIN) | 152984 |
| 901 ## - ELEMENTOS DE DATOS A LOCAL LDA (RLIN) | |
| a | 664.81 B67 2012 |
| 902 ## - ELEMENTOS DE DATOS B LOCAL, LDB (RLIN) | |
| a | M |
| 905 ## - ELEMENTOS DE DATOS E LOCAL, LDE (RLIN) | |
| a | 5232272012 mx anmd8222123322spa16 |
| 942 ## - ELEMENTOS DE PUNTO DE ACCESO ADICIONAL (KOHA) | |
| Tipo de ítem Koha | Libro |
| Fuente del sistema de clasificación o colocación | Dewey Decimal Classification |
| Estado de retiro | Estado de pérdida | Fuente del sistema de clasificación o colocación | Estado dañado | No para préstamo | Código de colección | Localización permanente | Ubicación/localización actual | Ubicación en estantería | Fecha de adquisición | Información codificada de la localización en otra ubicación | Total de préstamos | Código de barras | Fecha visto por última vez | Fecha del último préstamo | Número de copia | Precio válido a partir de | Tipo de ítem Koha | Renovaciones totales | Restricciones de uso | Signatura topográfica completa |
|---|---|---|---|---|---|---|---|---|---|---|---|---|---|---|---|---|---|---|---|---|
| Dewey Decimal Classification | General | Biblioteca Central | Biblioteca Central | Planta principal - Colección General | 03/07/2023 | 33724002575322 | 03/07/2023 | 03/07/2023 | Libro | Préstamo 15 días | 664.81 B67 2012 | |||||||||
| Dewey Decimal Classification | General | Biblioteca Central | Biblioteca Central | Planta principal - Colección General | 03/07/2023 | 33724002575280 | 03/07/2023 | c.2 | 03/07/2023 | Libro | Préstamo 15 días | 664.81 B67 2012 | ||||||||
| Dewey Decimal Classification | General | Ingenieria Agroindustrial | Ingenieria Agroindustrial | 18/01/2022 | 1 | 1 | dia_011042 | 05/06/2025 | 19/05/2025 | 10 | 18/01/2022 | Libro | ||||||||
| Dewey Decimal Classification | General | Ingenieria Agroindustrial | Ingenieria Agroindustrial | 18/01/2022 | 1 | 3 | dia_009162 | 22/04/2025 | 22/04/2025 | 1 | 18/01/2022 | Libro | 2 | |||||||
| Dewey Decimal Classification | General | Ingenieria Agroindustrial | Ingenieria Agroindustrial | 18/01/2022 | 1 | 4 | dia_009163 | 18/09/2025 | 11/09/2025 | 2 | 18/01/2022 | Libro | ||||||||
| Dewey Decimal Classification | General | Ingenieria Agroindustrial | Ingenieria Agroindustrial | 18/01/2022 | 1 | 4 | dia_009239 | 13/02/2026 | 06/02/2026 | 3 | 18/01/2022 | Libro | ||||||||
| Dewey Decimal Classification | General | Ingenieria Agroindustrial | Ingenieria Agroindustrial | 18/01/2022 | 1 | 5 | dia_009240 | 20/05/2025 | 20/05/2025 | 4 | 18/01/2022 | Libro | 3 | |||||||
| Dewey Decimal Classification | General | Ingenieria Agroindustrial | Ingenieria Agroindustrial | 18/01/2022 | 1 | 2 | dia_009241 | 30/10/2024 | 23/10/2024 | 5 | 18/01/2022 | Libro | ||||||||
| Dewey Decimal Classification | General | Ingenieria Agroindustrial | Ingenieria Agroindustrial | 18/01/2022 | 1 | 1 | dia_009242 | 13/09/2024 | 13/09/2024 | 6 | 18/01/2022 | Libro | ||||||||
| Dewey Decimal Classification | General | Ingenieria Agroindustrial | Ingenieria Agroindustrial | 18/01/2022 | 1 | 2 | dia_009243 | 29/01/2026 | 27/06/2025 | 7 | 18/01/2022 | Libro | ||||||||
| Dewey Decimal Classification | General | Ingenieria Agroindustrial | Ingenieria Agroindustrial | 18/01/2022 | 1 | dia_009244 | 18/01/2022 | 8 | 18/01/2022 | Libro | ||||||||||
| Dewey Decimal Classification | General | Ingenieria Agroindustrial | Ingenieria Agroindustrial | 18/01/2022 | 1 | 1 | dia_011041 | 06/11/2023 | 26/10/2023 | 9 | 18/01/2022 | Libro |
